LDR 00904naa#a2200181#i#450# 001 RU\\bibl\125694 005 20260630194232.2 011 ## _a2782-5957 100 ## _a20260630b2026####ek#y0rusy0150####ca 102 ## _aRU 200 1# _aСОВРЕМЕННЫЕ МЕТОДЫ ДИАГНОСТИКИ ТЕХНИЧЕСКОГО СОСТОЯНИЯ БЕНЗИНОВЫХ ДВС НА ОСНОВЕ АНАЛИЗА ОТРАБОТАВШИХ ГАЗОВ _eЖурнальная статья 210 1# _aБрянск _cБрянский государственный технический университет _d2026 215 ## _a13 с. 608 ## _aЖурнальная статья _2local 675 ## _aАвтомобили. Автомобильный транспорт. 629.331 _z 686 ## _aАвтодорожный транспорт. 393 _2bbk 700 #1 _aТарабрин _gПавел Витальевич 856 4# _abstu.editorum.ru _u